000 00829nam a22002177a 4500
008 240702b mp ||||| |||| 00| 0 mon d
035 _a12014
040 _aSU1322070
_bmon
_cMN-UlNLM
_dMN-UlNLM
_erda
041 _amon
042 _a30139
084 _2NNA
_a28.691.39
_bА-35
100 _aАйгнэр Э.
245 0 _aЭрвээхий
264 _aУлаанбаатар хот
_bАдмон ХХК
_c2006
300 _a20х.
336 _2rdacontent
_atext
_btxt
337 _2rdamedia
_aunmediated
_bn
338 _2rdacarrier
_avolume
_bnc
650 _aЭрвээхий бол хайрсан далавчит шавьжийн аймгийн үзэсгэлн гоёмсог их багт хамаардаг. Хүүдүүд та бүхэндээ сонирхуулахад манай оронд...
942 _2NNA
_cBK
999 _c1069709
_d1069766